| 000 | 00398nam a22001697a 4500 | ||
|---|---|---|---|
| 003 | OSt | ||
| 008 | 240816b |||||||| |||| 00| 0 eng d | ||
| 020 | _a9789380005874 | ||
| 082 | _a150.1952 FRI | ||
| 100 | _aFREUD, Sigmund | ||
| 245 | _aThe Interpretation of Dreams | ||
| 250 | _a1st. ed. | ||
| 260 |
_aNoida, _bMaple Press _c2023, |
||
| 300 | _a578 p. | ||
| 650 | _aEnglish | ||
| 942 |
_2ddc _cBK |
||
| 999 |
_c12823 _d12823 |
||